000 00319nam a2200133Ia 4500
005 20251222152634.0
008 251222s9999||||xx |||||||||||||| ||spa||
020 _a9789972336881
082 _a980/M58
100 _aMilla Villena, Carlos
245 0 _aGénesis de la Cultura Andina
250 _a4ta.ed.
942 _cLIB
999 _c27844
_d27844